000 00463nam a2200121Ia 4500
008 220615s9999||||xx |||||||||||||| ||und||
100 _aMerkel, Sabrina
245 0 _aBuilding Evacuation with Mobile Devices
546 _aEnglish[eng]
650 _alocalization||evacuation||algorithms||mobility||Evakuierung||Algorithmen||MobilitätMobile Ad-hoc networks||Lokalisierung||Mobile Ad-hoc Netzwerke
856 _uhttps://www.ksp.kit.edu/9783731502074
942 _cEB
999 _c14363
_d14363